| 000 | nam a22 a 4500 | ||
|---|---|---|---|
| 999 |
_c2275 _d2275 |
||
| 005 | 20170516084102.0 | ||
| 008 | 170516b1980 -us||||| |||| 00| 0 eng d | ||
| 020 | _a0278482783 | ||
| 040 | _aAKMAL | ||
| 082 | 0 | 4 | _a407 COO |
| 090 |
_a407 _bCOO |
||
| 245 |
_aAmerican Book English _cTeacher's Annoted Edition |
||
| 250 | _aTeacher's Annoted | ||
| 260 |
_aUSA _bD.C Heath and Company _c1980 |
||
| 300 |
_a390p _c18cm |
||
| 942 |
_2ddc _cBOOK |
||